000 00470nam a2200181Ia 4500
003 GCL
008 140319s9999 xx 000 0 ara d
040 _aGCL /
_cGCL
082 0 4 _a943.8
_bى ب
100 1 _aيوسف اسعد داغر
245 1 0 _aبولونيا بين الماضى والحاضر /
_cيوسف اسعد داغر
300 _a226 ص
490 _a
650 0 4 _aتاريخ
650 0 4 _aلبنان
650 0 4 _aبولونيا
942 _2ddc
_cBK
999 _c45296
_d45296